000 00408nam a2200157Ia 4500
008 220928s9999 xx 000 0 und d
020 _a9789332507593
082 _bHOU
100 _aHOUGHTALEN, ROBERT J.
245 0 _aFUNDAMENTALS OF ENGINEERING SYSTEMS
250 _a4TH
260 _bPEARSON INDIA EDUCATION SERVIVE PVT. LTD., NOIDA
_c2013
300 _a492
650 _aEngineering
942 _cBK
999 _c207042
_d207042